Southville International School and Colleges
Your cart is empty.
  • Cart
  • Lists
    Public lists Eva Luna New books Lux_list list_1
    Your lists Log in to create your own lists
  • Log in to your account
  • Your cookies
  • Search history
Southville International School and Colleges
  • Advanced search
  • Recent comments
  • Most popular
  • Libraries

Log in to your account

Log in with GOOGLE


If you do not have an external account, but do have a local account, you can still log in:

  1. Home
  2. MARC view: The Great political theories :
Normal view MARC view ISBD view

The Great political theories : (Record no. 363368)

[ view plain ]
MARC details
000 -LEADER
fixed length control field 00562nam a2200205Ia 4500
008 - FIXED-LENGTH DATA ELEMENTS--GENERAL INFORMATION
fixed length control field 200601s9999 xx 000 0 und d
020 ## - INTERNATIONAL STANDARD BOOK NUMBER
International Standard Book Number 0-380-01235-9
050 ## - LIBRARY OF CONGRESS CALL NUMBER
Classification number REF JA 36
050 ## - LIBRARY OF CONGRESS CALL NUMBER
Item number .G74 1981 v.2
245 #4 - TITLE STATEMENT
Title The Great political theories :
245 #0 - TITLE STATEMENT
Remainder of title from Burke, Rousseau and Kant to modern times /
245 #0 - TITLE STATEMENT
Statement of responsibility, etc edited, with introduction by Michael Curtis.
260 ## - PUBLICATION, DISTRIBUTION, ETC. (IMPRINT)
Place of publication, distribution, etc New York :
260 ## - PUBLICATION, DISTRIBUTION, ETC. (IMPRINT)
Name of publisher, distributor, etc Avon Books.
260 ## - PUBLICATION, DISTRIBUTION, ETC. (IMPRINT)
Date of publication, distribution, etc 1981
300 ## - PHYSICAL DESCRIPTION
Extent 492 pages :
300 ## - PHYSICAL DESCRIPTION
Dimensions 19 cm.
500 ## - GENERAL NOTE
General note Includes index.
650 ## - SUBJECT ADDED ENTRY--TOPICAL TERM
Topical term or geographic name as entry element Political science.
Holdings
Withdrawn status Lost status Damaged status Home library Current library Shelving location Date acquired Cost, normal purchase price Total Checkouts Full call number Barcode Date last seen Price effective from Koha item type
      South Mansfield College South Mansfield College Reference Section 09/13/2005 369.50   REF JA 36 .G74 1981 v.2 SMC02809 06/01/2020 06/01/2020 Books

The Great political theories :

APA

The Great political theories. New York: .

Chicago

The Great political theories. New York: .

Harvard

The Great political theories. New York: .

MLA

New York: . .

  • Place hold
  • Print
  • Cite
  • Add to your cart (remove)
  • Save record
    BIBTEX Dublin Core MARCXML MARC (non-Unicode/MARC-8) MARC (Unicode/UTF-8) MARC (Unicode/UTF-8, Standard) MODS (XML) RIS
  • More searches
    Search for this title in:
    Other Libraries (WorldCat) Other Databases (Google Scholar) Online Stores (Bookfinder.com) Open Library (openlibrary.org)

Exporting to Dublin Core...

SOUTHVILLE LIBRARY

Southville International School and Colleges Library

1281 Tropical Ave. Cor. Luxembourg St., BF Homes International, Las Pinas City

Tel. No. 8256374 / 252358 Loc. 117/146

Powered by Koha